00313nam a2200121 a 45000010005000000030005000050050017000100080041000270400020000681000025000882450031001132600047001441308CDMR20130116135208.0130130s1963||||||||||||||||||||||||||||d aCDMRbcatcCDMR1 aSiebert, Fred Seaton10aFour theories of the press aUrbanac1963bUniversity of Illinois Press